000 01701nam0a2200349 4500
001 RU\NLR\bibl\1654927
005 20260406070847.0
035 _a(NLR Aleph) 001646236
090 _a893208
_c893208
100 _a20100713d2010 |||y0rusy50 ca
101 0 _arus
102 _aRU
105 _aa |||||||||
200 1 _aНаша вселенная
_eоткрытие века
_fВл. Захаров
205 _a[Изд. 2-е, доп.]
210 _aСанкт-Петербург
_cСПбГУП
_d2010
215 _a95 с.
_cил.
_d21
225 1 _aНовые горизонты науки
300 _aЗагл. 1-го изд.: Разгадка модели Вселенной
316 _aС автогр. авт.
_5NLR
316 _aавтограф
_5NLR:2010-4/9647
320 _aБиблиогр.: с. 92-93 (35 назв.)
451 0 _12001#$aРазгадка модели Вселенной$fВ.П. Захаров
_1700#1$3RU\NLR\auth\7716039$aЗахаров$bВ. П.$cписатель$f1927-$gВладимир Петрович$4070
_1210##$aСанкт-Петербург$d2004
_tРазгадка модели Вселенной
_aЗахаров, Владимир Петрович (писатель ; 1927-)
606 1 _aКосмология
_xФридмана модели
_92176132
_3RU\NLR\auth\661308834
606 1 _aВселенная
_xМодели
_91407263
_3RU\NLR\auth\66280684
686 _aВ632.93в
700 1 _4070
_7ca
_8rus
_aЗахаров
_bВ. П.
_cписатель
_f1927-
_gВладимир Петрович
_9125683
_3RU\NLR\auth\7716039
801 0 _aRU
_bNLR
_c20100713
_gRCR
801 1 _aRU
_bNLR
_c20100713
942 _cBOOK
980 _aNB